[Event "World Team Championship 2015"]
[Site "Tsaghkadzor ARM"]
[Date "2015.04.23"]
[Round "5.53"]
[White "Almasi, Zoltan"]
[Black "Tomashevsky, Evgeny"]
[Result "0-1"]
[WhiteElo "2698"]
[BlackElo "2745"]
[PlyCount "136"]
[EventDate "2015.04.18"]
[EventType "team-tourn"]
[EventRounds "9"]
[EventCountry "ARM"]
[Source "lmi"]
[SourceDate "2015.04.18"]

1. e4 e5 2. Nf3 Nc6 3. Bb5 a6 4. Ba4 Nf6 5. O-O Be7 6. d3 b5 7. Bb3 d6 8. a4
Bd7 9. c3 O-O 10. Bc2 b4 11. Nbd2 Rb8 12. Re1 d5 13. a5 h6 14. Ba4 dxe4 15.
dxe4 Bd6 16. Nc4 Re8 17. Qe2 Qc8 18. Bd2 Qb7 19. Nxd6 cxd6 20. cxb4 Bg4 21. Qe3
Red8 22. h3 Bxf3 23. Qxf3 Nd4 24. Qe3 d5 25. exd5 Nxd5 26. Qxe5 Nxb4 27. Ra3
Nbc6 28. Qf4 Ne6 29. Rxe6 fxe6 30. Rg3 Nd4 31. Qe5 Nf5 32. Rb3 Qd5 33. Rxb8
Qxe5 34. Rxd8+ Kh7 35. Bc3 Qe4 36. Bd1 Nh4 37. Bf3 Nxf3+ 38. gxf3 Qf5 39. Rd7
e5 40. Rd6 Qxf3 41. Rxa6 Qxh3 42. Bxe5 Qd3 43. Rd6 Qb1+ 44. Kh2 Qe1 45. Bg3
Qxa5 46. Rd3 Qb5 47. Re3 Qxb2 48. Kg2 Qb7+ 49. Kg1 g5 50. Kh2 Qd7 51. Kg2 Kg6
52. Kh2 Qd5 53. Kg1 Kf5 54. Kh2 Qb5 55. Kg1 h5 56. Kg2 Qd5+ 57. Kh2 Kg4 58. Kg1
Qd1+ 59. Kg2 Qb1 60. f3+ Kf5 61. Re5+ Kg6 62. Re6+ Kf7 63. Re4 Qc2+ 64. Kg1 Kf6
65. Bf2 Kf5 66. Kg2 g4 67. Re3 Qc6 68. Kg3 h4+ 0-1

[Event "World Team Championship 2015"]
[Site "Tsaghkadzor ARM"]
[Date "2015.04.23"]
[Round "5.54"]
[White "Vitiugov, Nikita"]
[Black "Balogh, Csaba"]
[Result "1-0"]
[WhiteElo "2736"]
[BlackElo "2651"]
[PlyCount "75"]
[EventDate "2015.04.18"]
[EventType "team-tourn"]
[EventRounds "9"]
[EventCountry "ARM"]
[Source "lmi"]
[SourceDate "2015.04.18"]

1. d4 d5 2. Nf3 Nf6 3. c4 dxc4 4. e3 e6 5. Bxc4 c5 6. O-O a6 7. b3 cxd4 8. Nxd4
Bd7 9. Bb2 Nc6 10. Be2 Be7 11. Nd2 O-O 12. Rc1 Nxd4 13. Bxd4 Nd5 14. Nc4 Bc6
15. Qd2 Bb4 16. Qb2 Qg5 17. Bf3 Ne7 18. Ne5 Rfc8 19. h4 Qh6 20. Nxc6 Nxc6 21.
Bxc6 bxc6 22. Rc4 Bf8 23. g3 a5 24. Rfc1 Qh5 25. Qc2 Ra6 26. Bc5 Qf5 27. Qe2
Raa8 28. Bxf8 Kxf8 29. Rxc6 Rxc6 30. Rxc6 a4 31. Qc4 g5 32. Qb4+ Kg8 33. Rc5 e5
34. e4 Qf3 35. Rxe5 gxh4 36. Rg5+ Kh8 37. Qd4+ f6 38. Rf5 1-0

[Event "World Team Championship 2015"]
[Site "Tsaghkadzor ARM"]
[Date "2015.04.25"]
[Round "6.11"]
[White "Amin, Bassem"]
[Black "Shankland, Samuel"]
[Result "1/2-1/2"]
[WhiteElo "2634"]
[BlackElo "2661"]
[PlyCount "69"]
[EventDate "2015.04.18"]
[EventType "team-tourn"]
[EventRounds "9"]
[EventCountry "ARM"]
[Source "lmi"]
[SourceDate "2015.04.18"]
[WhiteClock "0:02:07"]
[BlackClock "0:12:06"]

1. e4 c6 2. d3 d5 3. Nd2 e5 4. Ngf3 Bd6 5. g3 Ne7 6. Bg2 O-O 7. O-O Nd7 8. Re1
d4 9. c3 c5 10. Nc4 Bc7 11. cxd4 cxd4 12. a4 Nc6 13. b3 Nb6 14. Nfd2 Be6 15.
Ba3 Re8 16. Rc1 Nxc4 17. Nxc4 a6 18. Rf1 b5 19. Nb6 Bxb6 20. Rxc6 Rc8 21. Rd6
Qe7 22. axb5 axb5 23. Rxb6 Qxa3 24. Rxb5 Bd7 25. Rb6 Qc5 26. Rb7 Be6 27. f4 Qc6
28. Ra7 Qb5 29. fxe5 Bxb3 30. Qb1 Rxe5 31. Bh3 Rb8 32. Rc1 Rc5 33. Rc7 Rxc7 34.
Rxc7 g6 35. Bf1 1/2-1/2

[Event "World Team Championship 2015"]
[Site "Tsaghkadzor ARM"]
[Date "2015.04.25"]
[Round "6.12"]
[White "Lenderman, Aleksandr"]
[Black "Shoker, Samy"]
[Result "1-0"]
[WhiteElo "2617"]
[BlackElo "2482"]
[PlyCount "67"]
[EventDate "2015.04.18"]
[EventType "team-tourn"]
[EventRounds "9"]
[EventCountry "ARM"]
[Source "lmi"]
[SourceDate "2015.04.18"]
[WhiteClock "0:07:12"]
[BlackClock "0:02:24"]

1. d4 g6 2. c4 Bg7 3. Nf3 d6 4. Nc3 Nc6 5. g3 Bd7 6. Bg2 Qc8 7. O-O Bh3 8. Bxh3
Qxh3 9. Qb3 Qc8 10. Rd1 Nh6 11. d5 Nb8 12. Bg5 Na6 13. Rac1 Ng4 14. Na4 O-O 15.
c5 Re8 16. Bf4 Rb8 17. Qb5 c6 18. Qa5 cxd5 19. cxd6 Qe6 20. Ng5 Qd7 21. dxe7
Ra8 22. Qxd5 Qxe7 23. e3 h6 24. Nf3 g5 25. Bd6 Nxe3 26. fxe3 Qxe3+ 27. Kh1 Re4
28. Rf1 Rxa4 29. Rce1 Qb6 30. Re7 Rf8 31. Rxb7 Qd8 32. Ne5 Nb4 33. Rfxf7 Kh8
34. Ng6+ 1-0

[Event "World Team Championship 2015"]
[Site "Tsaghkadzor ARM"]
[Date "2015.04.25"]
[Round "6.13"]
[White "Adly, Ahmed"]
[Black "Onischuk, Alexander"]
[Result "1/2-1/2"]
[WhiteElo "2595"]
[BlackElo "2665"]
[PlyCount "136"]
[EventDate "2015.04.18"]
[EventType "team-tourn"]
[EventRounds "9"]
[EventCountry "ARM"]
[Source "lmi"]
[SourceDate "2015.04.18"]

1. d4 Nf6 2. c4 e6 3. Nc3 Bb4 4. e3 O-O 5. Nge2 d5 6. a3 Be7 7. cxd5 exd5 8. g3
Re8 9. Bg2 c6 10. O-O Nbd7 11. f3 c5 12. Nf4 Nb6 13. Qd3 Bd6 14. Nb5 Bxf4 15.
exf4 Na4 16. Qc2 a6 17. Qxa4 Bd7 18. Qd1 Bxb5 19. Rf2 cxd4 20. a4 Bc4 21. b3 d3
22. Bf1 d2 23. Bxd2 Bxf1 24. Qxf1 d4 25. Rc1 Qd5 26. Qc4 Rad8 27. Rff1 h5 28.
Qxd5 Nxd5 29. Kf2 Nc3 30. Rfe1 Rxe1 31. Bxe1 Rc8 32. Bxc3 dxc3 33. Ke3 b5 34.
axb5 axb5 35. b4 Rc4 36. Kd3 Rxb4 37. Rxc3 g6 38. Kc2 h4 39. Rb3 Rc4+ 40. Kd3
Rc5 41. Kd4 Rc2 42. gxh4 Rc4+ 43. Ke5 Rc5+ 44. Kd6 Rh5 45. Kc6 Rxh4 46. Kxb5
Rxf4 47. Kc5 Kg7 48. Kd6 Kf6 49. Kd7 Rh4 50. Rb6+ Kg5 51. Ke7 f5 52. Rb2 Ra4
53. Rg2+ Kf4 54. Rxg6 Kxf3 55. Kf6 f4 56. h4 Ra5 57. Rg5 Ra6+ 58. Kg7 Ke4 59.
h5 f3 60. Rg4+ Kf5 61. Rg3 Ra7+ 62. Kg8 Ra3 63. Rg1 Ra2 64. Rf1 f2 65. Kg7 Kg5
66. h6 Ra7+ 67. Kf8 Ra8+ 68. Kf7 Ra7+ 1/2-1/2

[Event "World Team Championship 2015"]
[Site "Tsaghkadzor ARM"]
[Date "2015.04.25"]
[Round "6.14"]
[White "Akobian, Varuzhan"]
[Black "Farahat, Ali"]
[Result "1-0"]
[WhiteElo "2622"]
[BlackElo "2389"]
[PlyCount "87"]
[EventDate "2015.04.18"]
[EventType "team-tourn"]
[EventRounds "9"]
[EventCountry "ARM"]
[Source "lmi"]
[SourceDate "2015.04.18"]
[WhiteClock "0:30:56"]
[BlackClock "0:29:34"]

1. d4 Nf6 2. c4 e6 3. Nf3 Bb4+ 4. Nbd2 O-O 5. a3 Be7 6. e4 d6 7. Bd3 e5 8. b3
Re8 9. Bb2 exd4 10. Nxd4 Bf8 11. O-O Nbd7 12. b4 g6 13. f4 Bg7 14. Qc2 a5 15.
N4f3 c6 16. Kh1 axb4 17. axb4 Rxa1 18. Rxa1 Ng4 19. Bxg7 Kxg7 20. Qc3+ Kg8 21.
Bc2 Qf6 22. Qxf6 Ndxf6 23. Kg1 Nh5 24. g3 f5 25. c5 dxc5 26. bxc5 fxe4 27. Nxe4
Nhf6 28. Nd6 Re3 29. Ra8 Rxf3 30. Rxc8+ Kg7 31. Rc7+ Kh8 32. Rxb7 Rc3 33. Bb3
Rxc5 34. Nf7+ Kg7 35. Ng5+ Kh6 36. h3 Rc1+ 37. Kg2 Ne3+ 38. Kf2 Ned5 39. Bxd5
cxd5 40. g4 Rc3 41. Rf7 Rc6 42. Kg3 d4 43. Kh4 d3 44. Nf3 1-0

[Event "World Team Championship 2015"]
[Site "Tsaghkadzor ARM"]
[Date "2015.04.25"]
[Round "6.21"]
[White "Harikrishna, Pentala"]
[Black "Grischuk, Alexander"]
[Result "1/2-1/2"]
[WhiteElo "2731"]
[BlackElo "2794"]
[PlyCount "76"]
[EventDate "2015.04.18"]
[EventType "team-tourn"]
[EventRounds "9"]
[EventCountry "ARM"]
[Source "lmi"]
[SourceDate "2015.04.18"]
[WhiteClock "0:09:33"]
[BlackClock "0:01:04"]

1. Nf3 c5 2. c4 Nc6 3. d4 cxd4 4. Nxd4 e6 5. Nc3 Nf6 6. g3 Qb6 7. Ndb5 Ne5 8.
Bg2 a6 9. Qa4 Rb8 10. Be3 axb5 11. Bxb6 bxa4 12. Bc7 Ra8 13. Bxe5 Ra5 14. Bc7
Rc5 15. Nb5 d5 16. b3 Be7 17. O-O O-O 18. Bb6 Rc6 19. Bd4 axb3 20. axb3 Ra6 21.
cxd5 Nxd5 22. Rac1 Rd8 23. Bxd5 exd5 24. Rc7 Re6 25. e3 b6 26. Ra1 Bd7 27. Nc3
Be8 28. Ne2 Bd6 29. Rca7 Bc5 30. Nf4 Red6 31. Be5 R6d7 32. Ra8 d4 33. Bc7 Rxa8
34. Rxa8 Kf8 35. exd4 Rxd4 36. Rb8 Rd1+ 37. Kg2 Rd2 38. Bxb6 Rxf2+ 1/2-1/2

[Event "World Team Championship 2015"]
[Site "Tsaghkadzor ARM"]
[Date "2015.04.25"]
[Round "6.22"]
[White "Karjakin, Sergey"]
[Black "Sethuraman, Sethuraman Panayapp"]
[Result "1-0"]
[WhiteElo "2757"]
[BlackElo "2634"]
[PlyCount "111"]
[EventDate "2015.04.18"]
[EventType "team-tourn"]
[EventRounds "9"]
[EventCountry "ARM"]
[Source "lmi"]
[SourceDate "2015.04.18"]
[WhiteClock "0:18:52"]
[BlackClock "0:01:09"]

1. e4 e5 2. Nf3 Nc6 3. Bb5 a6 4. Ba4 Nf6 5. O-O Be7 6. Re1 b5 7. Bb3 d6 8. c3
O-O 9. h3 Na5 10. Bc2 c5 11. d4 Qc7 12. Nbd2 Bd7 13. Nf1 Nc4 14. Ng3 g6 15. b3
Nb6 16. Bh6 Rfc8 17. Rc1 a5 18. Qd2 Ne8 19. Bd3 c4 20. bxc4 Nxc4 21. Bxc4 bxc4
22. dxe5 dxe5 23. Nxe5 Qxe5 24. Qxd7 Rd8 25. Qa4 Rac8 26. Be3 Nc7 27. Red1 Nb5
28. Qxa5 Bf6 29. Rxd8+ Rxd8 30. f4 Qe8 31. e5 Bh4 32. a4 Nd6 33. Nf1 Nf5 34.
Qb5 Qe6 35. a5 g5 36. Bb6 Rb8 37. fxg5 Bxg5 38. Re1 Bd8 39. Rb1 Bc7 40. Nd2
Bxe5 41. Qxc4 Qg6 42. Qg4 Bxc3 43. Nc4 Ne7 44. Rd1 Qxg4 45. hxg4 Nc6 46. a6 Bb4
47. a7 Rc8 48. Nd6 Ra8 49. Nb5 Nxa7 50. Nxa7 Rb8 51. Bf2 Bf8 52. Nc6 Rc8 53.
Nd4 Rc4 54. Nf5 Rxg4 55. Rd8 Rf4 56. Be3 1-0

[Event "World Team Championship 2015"]
[Site "Tsaghkadzor ARM"]
[Date "2015.04.25"]
[Round "6.23"]
[White "Sasikiran, Krishnan"]
[Black "Tomashevsky, Evgeny"]
[Result "1/2-1/2"]
[WhiteElo "2654"]
[BlackElo "2745"]
[PlyCount "94"]
[EventDate "2015.04.18"]
[EventType "team-tourn"]
[EventRounds "9"]
[EventCountry "ARM"]
[Source "lmi"]
[SourceDate "2015.04.18"]
[WhiteClock "0:17:40"]
[BlackClock "0:11:05"]

1. Nf3 d5 2. g3 c6 3. Bg2 Bf5 4. d3 e6 5. O-O Nf6 6. Nbd2 h6 7. b3 Be7 8. Bb2
O-O 9. Re1 a5 10. e4 Bh7 11. a3 Na6 12. Qe2 Rc8 13. Ne5 Nc5 14. Rad1 Nfd7 15.
Ng4 Nf6 16. h3 b5 17. Kh2 Nxg4+ 18. hxg4 dxe4 19. Nxe4 Qc7 20. f4 Rfd8 21. Rf1
Bxe4 22. dxe4 a4 23. b4 Nd7 24. e5 c5 25. c3 cxb4 26. cxb4 Nb6 27. Qxb5 Rxd1
28. Rxd1 Qc2 29. Rg1 Qxb2 30. Qxb6 Bf8 31. f5 Qxe5 32. fxe6 fxe6 33. Rf1 Rc3
34. Rf3 Rxf3 35. Bxf3 Bd6 36. Qd8+ Kf7 37. Qd7+ Kf8 38. Qd8+ Kf7 39. Qd7+ Kg8
40. Qd8+ Kh7 41. Be4+ Qxe4 42. Qxd6 Qe2+ 43. Kh3 Qf1+ 44. Kh2 Qf2+ 45. Kh3 Qf1+
46. Kh2 Qe2+ 47. Kh3 Qf1+ 1/2-1/2

[Event "World Team Championship 2015"]
[Site "Tsaghkadzor ARM"]
[Date "2015.04.25"]
[Round "6.24"]
[White "Vitiugov, Nikita"]
[Black "Vidit, Santosh Gujarathi"]
[Result "1/2-1/2"]
[WhiteElo "2736"]
[BlackElo "2630"]
[PlyCount "65"]
[EventDate "2015.04.18"]
[EventType "team-tourn"]
[EventRounds "9"]
[EventCountry "ARM"]
[Source "lmi"]
[SourceDate "2015.04.18"]

1. d4 d5 2. c4 c6 3. Nf3 Nf6 4. Nc3 a6 5. e3 e6 6. Bd3 dxc4 7. Bxc4 b5 8. Be2
c5 9. O-O Bb7 10. dxc5 Qxd1 11. Rxd1 Bxc5 12. Nd2 Nbd7 13. Nb3 Bb4 14. Bd2 O-O
15. f3 Nc5 16. Nd4 Rfc8 17. Ne4 Bxd2 18. Nxf6+ gxf6 19. Rxd2 f5 20. b3 Kf8 21.
Kf2 Ke7 22. h3 Nd7 23. g4 Nf6 24. gxf5 e5 25. Nc2 Rc3 26. Nb4 e4 27. Rc2 Rxc2
28. Nxc2 exf3 29. Bxf3 Ne4+ 30. Ke2 Ng3+ 31. Kf2 Ne4+ 32. Ke2 Ng3+ 33. Kf2
1/2-1/2

[Event "World Team Championship 2015"]
[Site "Tsaghkadzor ARM"]
[Date "2015.04.25"]
[Round "6.31"]
[White "Ponomarev, Ruslan"]
[Black "Dominguez Perez, Leinier"]
[Result "1/2-1/2"]
[WhiteElo "2713"]
[BlackElo "2729"]
[PlyCount "45"]
[EventDate "2015.04.18"]
[EventType "team-tourn"]
[EventRounds "9"]
[EventCountry "ARM"]
[Source "lmi"]
[SourceDate "2015.04.18"]

1. Nf3 Nf6 2. c4 c5 3. g3 Nc6 4. Nc3 d5 5. d4 e6 6. cxd5 Nxd5 7. Bg2 cxd4 8.
Nxd4 Nxc3 9. bxc3 Nxd4 10. Qxd4 Qxd4 11. cxd4 Bd6 12. a4 Rb8 13. a5 Bd7 14. Ba3
Ke7 15. Kd2 Rhc8 16. Rhb1 b5 17. axb6 Rxb6 18. Be4 Rxb1 19. Bxb1 Rc4 20. Bxd6+
Kxd6 21. Rxa7 Rxd4+ 22. Ke3 Rd5 23. Be4 1/2-1/2

[Event "World Team Championship 2015"]
[Site "Tsaghkadzor ARM"]
[Date "2015.04.25"]
[Round "6.32"]
[White "Bruzon Batista, Lazaro"]
[Black "Ivanchuk, Vassily"]
[Result "1/2-1/2"]
[WhiteElo "2691"]
[BlackElo "2731"]
[PlyCount "44"]
[EventDate "2015.04.18"]
[EventType "team-tourn"]
[EventRounds "9"]
[EventCountry "ARM"]
[Source "lmi"]
[SourceDate "2015.04.18"]
[WhiteClock "0:18:06"]
[BlackClock "0:43:38"]

1. e4 e5 2. Nf3 Nf6 3. d4 Nxe4 4. Bd3 d5 5. Nxe5 Nd7 6. Nxd7 Bxd7 7. Nc3 Nxc3
8. bxc3 Qe7+ 9. Be3 g6 10. O-O Bg7 11. Rb1 b6 12. Qf3 c6 13. c4 dxc4 14. Bxc4
O-O 15. Bb3 Rae8 16. Bf4 Be6 17. Qxc6 Bxb3 18. cxb3 Bxd4 19. Bh6 Bg7 20. Bxg7
Kxg7 21. Rbc1 Qa3 22. Qc3+ Kg8 1/2-1/2

[Event "World Team Championship 2015"]
[Site "Tsaghkadzor ARM"]
[Date "2015.04.25"]
[Round "6.33"]
[White "Eljanov, Pavel"]
[Black "Quesada Perez, Yuniesky"]
[Result "1/2-1/2"]
[WhiteElo "2733"]
[BlackElo "2629"]
[PlyCount "137"]
[EventDate "2015.04.18"]
[EventType "team-tourn"]
[EventRounds "9"]
[EventCountry "ARM"]
[Source "lmi"]
[SourceDate "2015.04.18"]
[WhiteClock "0:01:17"]
[BlackClock "0:01:28"]

1. d4 Nf6 2. c4 e6 3. Nf3 Bb4+ 4. Bd2 Qe7 5. g3 Bxd2+ 6. Qxd2 Nc6 7. b3 d5 8.
Bg2 O-O 9. O-O dxc4 10. bxc4 e5 11. d5 Nb8 12. Qe3 Re8 13. Nc3 Na6 14. Nd2 Bf5
15. Rfc1 Nb4 16. Nde4 Nxe4 17. Nxe4 b6 18. Qb3 Bxe4 19. Bxe4 Qd6 20. c5 bxc5
21. a3 Na6 22. Qa4 Reb8 23. Rab1 g6 24. Bd3 Rxb1 25. Rxb1 c4 26. Bxc4 Nc5 27.
Qa5 a6 28. Ba2 Ne4 29. Rb4 Nf6 30. Rb7 Ne8 31. Qc3 e4 32. a4 h5 33. a5 Qe7 34.
h4 Qd6 35. Kg2 Qe7 36. e3 Qd7 37. Bb3 Rc8 38. Ra7 Nd6 39. Rxa6 Qg4 40. Rc6 Nf5
41. Kf1 Rb8 42. Ke1 Qf3 43. Rxg6+ Kh7 44. Rf6 Qh1+ 45. Kd2 Nd6 46. a6 Qb1 47.
Bc2 Qa2 48. Ke1 Rb2 49. Bd1 Rb1 50. Qd4 Qa5+ 51. Kf1 Qa1 52. Qxa1 Rxa1 53. Ke1
Kg7 54. Rf4 f5 55. f3 Kg6 56. g4 hxg4 57. fxg4 fxg4 58. Rxg4+ Kh6 59. h5 Rxa6
60. Rg6+ Kh7 61. Re6 Ra5 62. Re7+ Kh6 63. Rxc7 Rxd5 64. Rd7 Kg5 65. Be2 Kh6 66.
Rd8 Kg7 67. Rd7+ Kh6 68. Ba6 Kg5 69. Be2 1/2-1/2

[Event "World Team Championship 2015"]
[Site "Tsaghkadzor ARM"]
[Date "2015.04.25"]
[Round "6.34"]
[White "Gonzalez Vidal, Yuri"]
[Black "Kryvoruchko, Yuriy"]
[Result "0-1"]
[WhiteElo "2557"]
[BlackElo "2686"]
[PlyCount "92"]
[EventDate "2015.04.18"]
[EventType "team-tourn"]
[EventRounds "9"]
[EventCountry "ARM"]
[Source "lmi"]
[SourceDate "2015.04.18"]
[WhiteClock "0:04:43"]
[BlackClock "0:32:49"]

1. Nf3 Nf6 2. c4 b6 3. g3 Bb7 4. Bg2 e6 5. O-O Be7 6. Nc3 O-O 7. Re1 d5 8. cxd5
exd5 9. d4 Nbd7 10. Bf4 c5 11. dxc5 Nxc5 12. Rc1 Nfe4 13. Nd4 Nxc3 14. Rxc3 Bf6
15. Rc2 Qd7 16. b4 Bxd4 17. Qxd4 Ne6 18. Qd3 d4 19. Bxb7 Qxb7 20. Bd2 Rac8 21.
Rec1 Rxc2 22. Rxc2 Rd8 23. f4 h6 24. f5 Ng5 25. Bxg5 hxg5 26. Rd2 Qd5 27. e3
Re8 28. Qxd4 Qxf5 29. Kg2 g4 30. Rf2 Qe6 31. Re2 Qc6+ 32. Kg1 Re4 33. Qd8+ Kh7
34. Qd3 f5 35. a3 Re5 36. Rc2 Qe6 37. Re2 Rd5 38. Qc2 Qd7 39. Kf2 Rd1 40. Qc4
Rh1 41. e4 Rxh2+ 42. Ke3 Rh3 43. Kf4 Rh5 44. e5 b5 45. Qc3 Qd5 46. Re3 Qe6 0-1

[Event "World Team Championship 2015"]
[Site "Tsaghkadzor ARM"]
[Date "2015.04.25"]
[Round "6.42"]
[White "Yu, Yangyi"]
[Black "Sutovsky, Emil"]
[Result "1/2-1/2"]
[WhiteElo "2724"]
[BlackElo "2628"]
[PlyCount "34"]
[EventDate "2015.04.18"]
[EventType "team-tourn"]
[EventRounds "9"]
[EventCountry "ARM"]
[Source "lmi"]
[SourceDate "2015.04.18"]
[WhiteClock "0:41:39"]
[BlackClock "0:25:37"]

1. d4 Nf6 2. c4 g6 3. Nf3 Bg7 4. g3 c5 5. Bg2 cxd4 6. Nxd4 d5 7. Nb3 e6 8. Nc3
Nc6 9. Bg5 Ne7 10. O-O O-O 11. Rc1 dxc4 12. Qxd8 Rxd8 13. Na5 h6 14. Bxf6 Bxf6
15. Nxc4 Nd5 16. Ne4 Bg7 17. Rfd1 b6 1/2-1/2

[Event "World Team Championship 2015"]
[Site "Tsaghkadzor ARM"]
[Date "2015.04.25"]
[Round "6.43"]
[White "Smirin, Ilia"]
[Black "Bu, Xiangzhi"]
[Result "1/2-1/2"]
[WhiteElo "2652"]
[BlackElo "2681"]
[PlyCount "50"]
[EventDate "2015.04.18"]
[EventType "team-tourn"]
[EventRounds "9"]
[EventCountry "ARM"]
[Source "lmi"]
[SourceDate "2015.04.18"]

1. e4 e5 2. Nf3 Nc6 3. Bb5 a6 4. Ba4 Nf6 5. O-O Bc5 6. c3 b5 7. Bb3 d6 8. d4
Bb6 9. Be3 O-O 10. Nbd2 h6 11. h3 Re8 12. Re1 exd4 13. cxd4 Na5 14. Bc2 Bb7 15.
Qb1 Nc4 16. Nxc4 bxc4 17. Nd2 Rb8 18. Nxc4 Bxe4 19. Bxe4 Rxe4 20. Qd3 Qe8 21.
Nxb6 Rxb6 22. b3 Qb5 23. Qd1 Rb8 24. Qc2 Re7 25. Bd2 Rbe8 1/2-1/2

[Event "World Team Championship 2015"]
[Site "Tsaghkadzor ARM"]
[Date "2015.04.25"]
[Round "6.51"]
[White "Aronian, Levon"]
[Black "Erdos, Viktor"]
[Result "1-0"]
[WhiteElo "2770"]
[BlackElo "2612"]
[PlyCount "113"]
[EventDate "2015.04.18"]
[EventType "team-tourn"]
[EventRounds "9"]
[EventCountry "ARM"]
[Source "lmi"]
[SourceDate "2015.04.18"]
[WhiteClock "0:34:02"]
[BlackClock "0:01:48"]

1. d4 Nf6 2. c4 g6 3. f3 c5 4. d5 e6 5. e4 d6 6. Nc3 exd5 7. cxd5 Bg7 8. Nge2
O-O 9. Ng3 h5 10. Bg5 a6 11. a4 Qe8 12. Bd3 Nh7 13. Bf4 Qe7 14. O-O Nd7 15.
Nge2 Ne5 16. Bc2 Bd7 17. Bc1 b5 18. f4 Nc4 19. Qd3 b4 20. Qxc4 bxc3 21. Rb1
cxb2 22. Bxb2 Bxb2 23. Rxb2 Rfb8 24. Rfb1 Rxb2 25. Rxb2 Bg4 26. Nc3 Qf6 27. g3
Qd4+ 28. Qxd4 cxd4 29. Nb1 Nf6 30. Rb6 Be2 31. Nd2 Rc8 32. Rc6 Rb8 33. e5 Nxd5
34. exd6 Nb4 35. Rc7 Nxc2 36. Rxc2 Bg4 37. Rc4 d3 38. Kf2 Bf5 39. Ke3 Rd8 40.
Rc6 a5 41. Ra6 Kg7 42. h4 Kf8 43. Nc4 f6 44. Kd2 Kf7 45. Rxa5 Ke6 46. Rc5 Be4
47. Ke3 Bd5 48. Kxd3 Rb8 49. Rb5 Bxc4+ 50. Kxc4 Rc8+ 51. Rc5 Rb8 52. a5 Rb1 53.
a6 Ra1 54. Kb5 Kxd6 55. Rc4 Kd5 56. Rb4 Ra3 57. Kb6 1-0

[Event "World Team Championship 2015"]
[Site "Tsaghkadzor ARM"]
[Date "2015.04.25"]
[Round "6.52"]
[White "Almasi, Zoltan"]
[Black "Sargissian, Gabriel"]
[Result "1/2-1/2"]
[WhiteElo "2698"]
[BlackElo "2674"]
[PlyCount "59"]
[EventDate "2015.04.18"]
[EventType "team-tourn"]
[EventRounds "9"]
[EventCountry "ARM"]
[Source "lmi"]
[SourceDate "2015.04.18"]
[WhiteClock "0:07:25"]
[BlackClock "0:24:33"]

1. e4 e5 2. Nf3 Nc6 3. Bb5 Nf6 4. d3 Bc5 5. c3 O-O 6. O-O Re8 7. Re1 a6 8. Ba4
b5 9. Bb3 h6 10. Nbd2 d6 11. Nf1 Bb6 12. a4 Be6 13. Bxe6 Rxe6 14. Be3 Bxe3 15.
Nxe3 b4 16. Nd5 bxc3 17. bxc3 Re8 18. Qb3 Nxd5 19. Qxd5 Qd7 20. Rab1 Reb8 21.
h3 Ne7 22. Qc4 Qc6 23. Qxc6 Nxc6 24. d4 f6 25. Kf1 Nd8 26. Ke2 Ne6 27. g3 Ng5
28. Nxg5 hxg5 29. d5 Kf7 30. Rb4 1/2-1/2

[Event "World Team Championship 2015"]
[Site "Tsaghkadzor ARM"]
[Date "2015.04.25"]
[Round "6.53"]
[White "Akopian, Vladimir"]
[Black "Rapport, Richard"]
[Result "1/2-1/2"]
[WhiteElo "2656"]
[BlackElo "2710"]
[PlyCount "66"]
[EventDate "2015.04.18"]
[EventType "team-tourn"]
[EventRounds "9"]
[EventCountry "ARM"]
[Source "lmi"]
[SourceDate "2015.04.18"]
[WhiteClock "0:12:47"]
[BlackClock "0:08:29"]

1. e4 e5 2. Nf3 Nc6 3. Bb5 Nd4 4. Nxd4 exd4 5. Bc4 Qh4 6. d3 Nf6 7. O-O d5 8.
Bxd5 Nxd5 9. exd5 Bd6 10. g3 Qh3 11. Re1+ Kf8 12. Re4 h5 13. Bf4 h4 14. Qf3
Bxf4 15. Rxf4 hxg3 16. Qxg3 Qh5 17. Nd2 Rh6 18. Kh1 Qxd5+ 19. f3 Rh3 20. Qf2 c5
21. Rg1 Qe5 22. Rh4 Qe3 23. Qxe3 dxe3 24. Rxh3 Bxh3 25. Nc4 Re8 26. Re1 e2 27.
Kg1 Re6 28. Kf2 Bf1 29. Ne3 Rh6 30. Kg1 Rg6+ 31. Kf2 Rh6 32. Kg1 Rg6+ 33. Kf2
Rh6 1/2-1/2

[Event "World Team Championship 2015"]
[Site "Tsaghkadzor ARM"]
[Date "2015.04.26"]
[Round "7.11"]
[White "Dominguez Perez, Leinier"]
[Black "Harikrishna, Pentala"]
[Result "1/2-1/2"]
[WhiteElo "2729"]
[BlackElo "2731"]
[PlyCount "54"]
[EventDate "2015.04.18"]
[EventType "team-tourn"]
[EventRounds "9"]
[EventCountry "ARM"]
[Source "lmi"]
[SourceDate "2015.04.18"]

1. d4 Nf6 2. c4 e6 3. g3 d5 4. Nf3 Bb4+ 5. Bd2 Be7 6. Bg2 O-O 7. O-O Nbd7 8.
Bf4 dxc4 9. Qc2 Nd5 10. Qxc4 b5 11. Qc2 Bb7 12. Nc3 Nxf4 13. gxf4 c5 14. Rfd1
Qc7 15. e3 a6 16. d5 exd5 17. Nxd5 Bxd5 18. Rxd5 Rad8 19. Rad1 Nb6 20. Rxd8
Rxd8 21. Rxd8+ Qxd8 22. Ne5 Bf6 23. Qxc5 Bxe5 24. fxe5 Qd1+ 25. Bf1 Qg4+ 26.
Bg2 Qd1+ 27. Bf1 Qg4+ 1/2-1/2

[Event "World Team Championship 2015"]
[Site "Tsaghkadzor ARM"]
[Date "2015.04.26"]
[Round "7.12"]
[White "Sethuraman, Sethuraman Panayapp"]
[Black "Bruzon Batista, Lazaro"]
[Result "1/2-1/2"]
[WhiteElo "2634"]
[BlackElo "2691"]
[PlyCount "105"]
[EventDate "2015.04.18"]
[EventType "team-tourn"]
[EventRounds "9"]
[EventCountry "ARM"]
[Source "lmi"]
[SourceDate "2015.04.18"]

1. e4 e5 2. Nf3 Nc6 3. Bb5 Nf6 4. d3 d6 5. O-O Be7 6. c3 O-O 7. Re1 a6 8. Ba4
Re8 9. Nbd2 Bf8 10. Nf1 h6 11. Ng3 b5 12. Bc2 d5 13. exd5 Nxd5 14. Bd2 Bb7 15.
b4 Qd7 16. Ne4 Rad8 17. Bb3 Kh8 18. Nh4 Nf4 19. d4 Nd5 20. Bg5 Rb8 21. Qh5 g6
22. Bf6+ Nxf6 23. Nxf6 Qe7 24. Nxg6+ fxg6 25. Qxg6 Qg7 26. Qxg7+ Bxg7 27. Nxe8
Rxe8 28. Rad1 e4 29. f3 a5 30. a3 axb4 31. axb4 Ra8 32. fxe4 Ra3 33. Rb1 Bf6
34. Rf1 Kg7 35. e5 Be7 36. Rf4 h5 37. h3 Nd8 38. Kh2 Bg5 39. Rff1 Be4 40. Rb2
c6 41. h4 Bxh4 42. Rf4 Rxb3 43. Rxb3 Bd5 44. Ra3 Bg5 45. Ra7+ Kg6 46. Rf8 Ne6
47. Rf2 h4 48. g3 Kh5 49. gxh4 Kxh4 50. Rd7 Bf4+ 51. Kg1 Be3 52. Kf1 Bxf2 53.
Kxf2 1/2-1/2

[Event "World Team Championship 2015"]
[Site "Tsaghkadzor ARM"]
[Date "2015.04.26"]
[Round "7.13"]
[White "Quesada Perez, Yuniesky"]
[Black "Sasikiran, Krishnan"]
[Result "1/2-1/2"]
[WhiteElo "2629"]
[BlackElo "2654"]
[PlyCount "67"]
[EventDate "2015.04.18"]
[EventType "team-tourn"]
[EventRounds "9"]
[EventCountry "ARM"]
[Source "lmi"]
[SourceDate "2015.04.18"]

1. e4 e5 2. Nf3 Nc6 3. Bb5 a6 4. Ba4 Nf6 5. O-O Be7 6. Re1 b5 7. Bb3 d6 8. c3
O-O 9. h3 Nb8 10. d4 Nbd7 11. Nbd2 Bb7 12. Bc2 Re8 13. Nf1 Bf8 14. Ng3 g6 15.
a4 Bg7 16. Bd3 c6 17. Be3 Qe7 18. Qd2 Red8 19. b4 Ne8 20. Bc2 Nc7 21. Bg5 f6
22. Bh6 Nb6 23. Bb3+ Kh8 24. Bxg7+ Qxg7 25. Qe3 Nxa4 26. Bxa4 bxa4 27. Rxa4
Rac8 28. Raa1 Ne6 29. Rad1 Qc7 30. Qh6 Qg7 31. Qc1 Qc7 32. Qh6 Qg7 33. Qc1 Qc7
34. Qh6 1/2-1/2